Villes ayant les plus grands PIB. - Statistiques

Statistiques générales
  • Ce quiz a été pris 363 fois
  • Le résultat moyen est 17 sur 20
Statistiques - réponses
PUB (Ma de $) Pays Villes % Correct
1617 Japon Tokyo
100%
836 Royaume-Uni Londres
99%
1403 États-Unis New York
99%
715 France Paris
99%
860 États-Unis Los Angeles
98%
846 Corée du Sud Séoul
98%
404 Mexique Mexico
97%
553 Russie Moscou
97%
506 Chine Pékin
96%
594 Chine Shanghai
93%
671 Japon Osaka | Kobe | Kyoto
90%
430 Brésil São Paulo
87%
563 États-Unis Chicago
85%
442 États-Unis Washington
79%
380 Chine Canton
68%
483 États-Unis Houston
62%
416 Chine Hong Kong
61%
485 Allemagne Cologne | Dusseldorf
60%
413 États-Unis Dallas
60%
372 Chine Tianjin
26%
Aucun quiz correspondant
Distribution des résultats
% des personnes avec chaque résultat
Percentile par nombre de réponses
Votre historique - résultats
Vous n’avez pas pris ce quiz